| 000 | 00933cab a2200253 4500 | ||
|---|---|---|---|
| 001 | ABS44212 | ||
| 008 | 090401t1991 xxu||||| |||| 00| 0 eng d | ||
| 035 | _a(Sirsi) u45866 | ||
| 041 | _aeng | ||
| 100 | _aKitchen, S. | ||
| 245 | _aNHBC rules K.O | ||
| 260 | _c1991 | ||
| 350 | _a0 | ||
| 490 |
_aBuilding _v256 (7688) 15 March 1991, 26 (1) |
||
| 520 | _aDiscusses Monopolies and Mergers Commission investigations into the NHBC`s Buildmark scheme, in particular Rule 12 which compels NHBC registered builders to register all new homes for inspection. NHBC maintains that amending Rule 12 could result in houses which failed at inspection being sold as unregistered. | ||
| 650 | _aHOUSE BUILDING | ||
| 650 |
_aInsurance _96249 |
||
| 650 | _aLATENT DEFECTS | ||
| 650 | _aNEW HOMES | ||
| 650 | _aSTRUCTURAL WARRANTIES | ||
| 690 | _aBUILDING AND CONSTRUCTION-REPAIRS AND MAINTENANCE | ||
| 942 | _n0 | ||
| 948 | _c04/03/1997 | ||
| 999 |
_c29017 _d29017 |
||